| 000 | 005860000a22002050004500 | ||
|---|---|---|---|
| 003 | LK-CoMWRAF | ||
| 005 | 20231109104257.0 | ||
| 008 | 230817t1994 ||||| |||| 00| 0 eng d | ||
| 020 | _a0803954875 | ||
| 040 |
_aLK-CoMWRAF _dLK-CoMWRAF _eLK-CoMWRAF |
||
| 041 | _aeng | ||
| 082 |
_a361.4 _bUND |
||
| 245 |
_aUnderstanding the self-help organization: _bframeworks and findings |
||
| 260 |
_aNew Delhi: _bSage, _c1994 |
||
| 300 |
_aviii, 345 p. : ill., map ; 24 cm. _bIndex included |
||
| 500 | _aiIndex | ||
| 650 | _aSELF-HELP GROUPS | ||
| 700 |
_aPowell, Thomas J. _eed. |
||
| 942 | _cBK | ||
| 999 |
_c1203 _d1203 |
||